00466nam a2200121Ia 45000010005000000080041000050820025000461000054000712450152001252600024002779010028003019990015003294488241024s9999 xx 000 0 und d aRD/371.07/R426p/2016 aRepública Dominicana. Ministerio de Educación 0aPolítica de Jornada escolar extendida. Documentos generales y normativos de Jornada Escolar Extendida y el manual operativo de centros educativos bSanto Domingoc2016 a19/10/2016 3:29:05 p.m. c8906d8906